000 00583nam a2200169Ia 4500
008 110201s9999 xx 000 0 und d
082 _bB2476
_aK 1245
100 _aदेवकुळे जयंत ग.
245 _aकनक आणि कामिनी
260 _bश्री विशाखा प्रकाशन
365 _b14
600 _aदेवकुळे जयंत ग.
630 _aकनक आणि कामिनी
700 _aदेवकुळे जयंत ग.
730 _aकनक आणि कामिनी
942 _cBOOK
999 _c829418
_d829415